উদাসীন পথিকের মণের কথা / (Record no. 38559)
[ view plain ]
| 000 -LEADER | |
|---|---|
| fixed length control field | 01075nam a2200241 a 4500 |
| 001 - CONTROL NUMBER | |
| control field | 38559 |
| 003 - CONTROL NUMBER IDENTIFIER | |
| rucl marc code | BD-RjUL |
| 005 - DATE AND TIME OF LATEST TRANSACTION | |
| control field | 20211209052821.0 |
| 008 - FIXED-LENGTH DATA ELEMENTS--GENERAL INFORMATION | |
| fixed length control field | 151230s1970 bg ||||| |||| 001 0 ben d |
| 035 ## - SYSTEM CONTROL NUMBER | |
| System control number | (BD-RjUL)38664 |
| 040 ## - CATALOGING SOURCE | |
| Original cataloging agency | BD-RjUL |
| Language of cataloging | ben |
| Transcribing agency | BD-RjUL |
| Modifying agency | BD-RjUL |
| 041 ## - LANGUAGE CODE | |
| Language code of text/sound track or separate title | ben |
| 082 ## - DEWEY DECIMAL CLASSIFICATION NUMBER | |
| Edition number | 23 |
| Classification number | 891.443 |
| Author mark and year | HOU 1970 |
| 100 ## - MAIN ENTRY--PERSONAL NAME | |
| Personal name | হোসেন, মীর মশাররফ |
| 9 (RLIN) | 119015 |
| 245 ## - TITLE STATEMENT | |
| Title | উদাসীন পথিকের মণের কথা / |
| Statement of responsibility, etc. | হোসেন, মীর মশাররফ প্রণীত এ. কে. এম. শামসুল ইসলাম সম্পাদিত |
| 260 ## - PUBLICATION, DISTRIBUTION, ETC. (IMPRINT) | |
| Place of publication, distribution, etc. | বাংলাবাজার, ঢাকা : |
| Name of publisher, distributor, etc. | ষ্টুডেন্ট ওয়েজ, |
| Date of publication, distribution, etc. | ১৯৭০ |
| 300 ## - PHYSICAL DESCRIPTION | |
| Pagination | ২৪, ২১২ পৃ. ; |
| Size | ২১ সেমি. |
| 504 ## - BIBLIOGRAPHY, ETC. NOTE | |
| Bibliography, etc | নির্ঘন্ট সংযুক্ত । |
| 650 ## - SUBJECT ADDED ENTRY--TOPICAL TERM | |
| Topical term or geographic name as entry element | বাংলা |
| Form subdivision | উপন্যাস |
| 9 (RLIN) | 118345 |
| Topical term or geographic name as entry element | Bengali |
| Form subdivision | Novel |
| 9 (RLIN) | 118994 |
| 700 ## - ADDED ENTRY--PERSONAL NAME | |
| Personal name | ইসলাম, এ. কে. এম. শামসুল |
| 942 ## - ADDED ENTRY ELEMENTS (KOHA) | |
| Source of classification or shelving scheme | Dewey Decimal Classification |
| Koha item type | Books |
| Lost status | Source of classification or shelving scheme | Damaged status | Not for loan | Collection code | Permanent Location | Current Location | Shelving location | Date acquired | Source of acquisition | Cost, normal purchase price | Total Checkouts | Full call number | Date last seen | Date checked out | Copy number | Koha item type |
|---|---|---|---|---|---|---|---|---|---|---|---|---|---|---|---|---|
| Dewey Decimal Classification | Fiction | Central Library, University of Rajshahi | Central Library, University of Rajshahi | 26/05/1973 | মহিউদ্দীন আহম্মদ এন্ড সন্স | 6.50 | 1 | B 891.443 HOU 1970 | 07/05/2016 | 31/12/2015 | C-2 | Books |